| 000 | 00564nam a22001937a 4500 | ||
|---|---|---|---|
| 003 | SISC | ||
| 005 | 20160224132429.0 | ||
| 008 | 140111b xxu||||| |||| 00| 0 eng d | ||
| 020 | _a0540063150 | ||
| 050 |
_aQB 63 _b.M821 1995 |
||
| 100 |
_aMoore,Patrick _930537 |
||
| 245 |
_aGuide to the night sky _bA guided tour of the stars and constellations _cPatrick Moore |
||
| 260 |
_aGreat Britain: _bPhillips _c1995 |
||
| 300 |
_a47 p . _bill. col.; _c24 cm. |
||
| 500 | _aincluded bibliography and indexs | ||
| 651 | _2astronomy | ||
| 942 |
_2lcc _cBK |
||
| 999 |
_c39815 _d39815 |
||